00466nam a2200157Ia 4500003000400000005001700004008004100021020001800062040002900080050002700109100005100136245001700187260003500204300002200239650004700261OSt20230907130901.0221021s9999||||xx |||||||||||||| ||und|| a9781412926416 cChuka University Library aLB 2822.82 b.F85 2006 aFullan, Michael, Peter Hill and Carmel Crevola 0aBreakthrough aCaliforniabCorwin Pressc2006 a109pbIllustrated aSchool improvement programszUnited States